000 00691cab a2200253 4500
001 WB3122-52
008 090401t1995 xxu||||| |||| 00| 0 eng d
035 _a(Sirsi) u70957
041 _aeng
245 _aShadowy finance
260 _c1995
350 _a0
490 _aEconomist
_v335(7917) 3 June 1995, 31-32(1)
520 _aCriticises the financial and environmental aspects of shadow toll roads.
650 _aPRIVATE FINANCE INITIATIVE
650 _aPRIVATE SECTOR
650 _aROADBUILDING
650 _aSHADOW TOLL ROADS
650 _aSHADOW TOLLING
650 _aTRANSPORT POLICY
690 _aTRANSPORT AND COMMUNICATIONS
942 _n0
948 _c04/03/1997
999 _c44705
_d44705